| 000 | 00330nam a22001217a 4500 | ||
|---|---|---|---|
| 040 | _cNust | ||
| 082 |
_a297.64 _bADI |
||
| 100 |
_aIlyas Adil, Muhammad _9125140 |
||
| 245 | _aSeerat Hazrat Ali Al Murtaza R.A. | ||
| 260 |
_aLahore; _bMUSHTAQ BOOK CORNER, _c2003. |
||
| 650 | _2Seerat Hazrat Ali Al Murtaza R.A. | ||
| 942 |
_2ddc _cBK |
||
| 999 |
_c610910 _d610910 |
||